Educar las emociones y los sentimientos : introducción práctica al complejo mundo de los sentimientos /
Exposición de fundamentos conceptuales y propuestas de actividades para la educación de las emociones y los sentimientos, estructurada en los siguientes capítulos: 1) ¿Por qué nos alegramos y por qué nos entristecemos?; 2) La esperanza, el desengaño y la sorpresa; 3) El miedo y la vergüenza nos hace...
Uloženo v:
| Hlavní autor: | |
|---|---|
| Další autoři: | |
| Médium: | Kniha |
| Jazyk: | španělština |
| Vydáno: |
Madrid, España :
Narcea,
2003, c2003
|
| Edice: | (Educación Hoy Narcea ;
165) |
| Témata: | |
| Tagy: |
Žádné tagy, Buďte první, kdo vytvoří štítek k tomuto záznamu!
|
MARC
| LEADER | 00000nam^a2200000^a^4500 | ||
|---|---|---|---|
| 001 | 000316051 | ||
| 005 | 20250521000000.0 | ||
| 009 | 20260310113303.188 | ||
| 020 | |a 84-277-1417-3 | ||
| 037 | |a Acervo ITESO - Biblioteca | ||
| 041 | |a ESP | ||
| 082 | |a 370. 153 |b SEG | ||
| 100 | |a Segura Morales, Manuel |e (autor) | ||
| 245 | 1 | 0 | |a Educar las emociones y los sentimientos : |b introducción práctica al complejo mundo de los sentimientos / |c M. Segura Morales, M. Arcas Cuenca. |
| 264 | 4 | |a Madrid, España : |b Narcea, |c 2003, c2003 | |
| 300 | |a 100 p. | ||
| 336 | |a texto |b txt |2 rdacontenido | ||
| 337 | |a sin mediación |b n |2 rdamedio | ||
| 338 | |a volumen |b nc |2 rdasoporte | ||
| 440 | 1 | |a (Educación Hoy Narcea ; |v 165) | |
| 520 | |a Exposición de fundamentos conceptuales y propuestas de actividades para la educación de las emociones y los sentimientos, estructurada en los siguientes capítulos: 1) ¿Por qué nos alegramos y por qué nos entristecemos?; 2) La esperanza, el desengaño y la sorpresa; 3) El miedo y la vergüenza nos hacen sufrir; 4) Del deseo al aburrimiento; 5) La envidia y los celos son destructivos; 6) Ira y ansiedad, sentimientos y pensamientos; 7) Los sentimientos a veces crean problemas, pero también ayudan a resolverlos, el orgullo y 8) ¿Quién entiende el amor? | ||
| 649 | |a XX | ||
| 650 | |a Emoción - |x Tema Principal | ||
| 650 | |a Sentimientos | ||
| 650 | |a Afectividad | ||
| 650 | |a Psicología Educativa | ||
| 650 | |a Educación Sentimental - |x Tema Principal | ||
| 700 | |a Arcas Cuenca, Margarita |e (autor) | ||
| 910 | |a Fondo General | ||
| 920 | |a Impresos - Libros | ||
| 930 | |a Colección General | ||
| 905 | |a 101 | ||
| 901 | |a 0500202904 |b IT1 |c ACC |i C110519 |u 20250521 | ||
| 902 | |a https://opac.biblio.iteso.mx/vufind/Record/000316051 | ||